RNA-protein interactions / (Record no. 7012)

MARC details
000 -LEADER
fixed length control field 01281pam a2200313 a 4500
001 - CONTROL NUMBER
control field 3014734
003 - CONTROL NUMBER IDENTIFIER
control field OSt
005 - DATE AND TIME OF LATEST TRANSACTION
control field 20210824112138.0
008 - FIXED-LENGTH DATA ELEMENTS--GENERAL INFORMATION
fixed length control field 940531s1994 enka b 001 0 eng
010 ## - LIBRARY OF CONGRESS CONTROL NUMBER
LC control number 94021987
020 ## - INTERNATIONAL STANDARD BOOK NUMBER
International Standard Book Number 0199635048 (pbk.) :
Terms of availability $41.50
020 ## - INTERNATIONAL STANDARD BOOK NUMBER
International Standard Book Number 0199635056 :
Terms of availability $75.00
040 ## - CATALOGING SOURCE
Original cataloging agency DLC
Transcribing agency DLC
Modifying agency DLC
050 00 - LIBRARY OF CONGRESS CALL NUMBER
Classification number QP624.75.P74
Item number R57 1994
082 00 - DEWEY DECIMAL CLASSIFICATION NUMBER
Classification number 572.8RNA 1994
245 00 - TITLE STATEMENT
Title RNA-protein interactions /
Statement of responsibility, etc. edited by Kiyoshi Nagai and Iain W. Mattaj.
260 ## - PUBLICATION, DISTRIBUTION, ETC. (IMPRINT)
Place of publication, distribution, etc. Oxford ;
-- New York :
Name of publisher, distributor, etc. IRL Press at Oxford University Press,
Date of publication, distribution, etc. c1994.
300 ## - PHYSICAL DESCRIPTION
Extent xviii, 272 p. :
Other physical details ill. ;
Dimensions 25 cm.
440 #0 - SERIES STATEMENT/ADDED ENTRY--TITLE
Title Frontiers in molecular biology ;
Volume/sequential designation [6]
9 (RLIN) 14386
504 ## - BIBLIOGRAPHY, ETC. NOTE
Bibliography, etc Includes bibliographical references and index.
650 #0 - SUBJECT ADDED ENTRY--TOPICAL TERM
Topical term or geographic name as entry element RNA-protein interactions.
9 (RLIN) 14387
700 1# - ADDED ENTRY--PERSONAL NAME
Personal name Nagai, Kiyoshi.
9 (RLIN) 14388
700 1# - ADDED ENTRY--PERSONAL NAME
Personal name Mattaj, Iain W.
9 (RLIN) 14389
856 42 - ELECTRONIC LOCATION AND ACCESS
Materials specified Publisher description
Uniform Resource Identifier http://www.loc.gov/catdir/enhancements/fy0605/94021987-d.html
856 41 - ELECTRONIC LOCATION AND ACCESS
Materials specified Table of contents only
Uniform Resource Identifier http://www.loc.gov/catdir/enhancements/fy0605/94021987-t.html
906 ## - LOCAL DATA ELEMENT F, LDF (RLIN)
a 7
b cbc
c orignew
d 1
e ocip
f 19
g y-gencatlg
942 ## - ADDED ENTRY ELEMENTS (KOHA)
Source of classification or shelving scheme Dewey Decimal Classification
Koha item type Open Shelf
Holdings
Withdrawn status Lost status Source of classification or shelving scheme Damaged status Not for loan Home library Current library Date acquired Source of acquisition Inventory number Total Checkouts Full call number Barcode Date last seen Price effective from Koha item type
    Dewey Decimal Classification     MUST Main Library MUST Main Library 24/08/2021 Donation 04/22074   572.8RNA 1994 2021-0691 24/08/2021 24/08/2021 Open Shelf